| 000 | 00755pam a2200277 i 4500 | ||
|---|---|---|---|
| 001 | 3161226 | ||
| 003 | OSt | ||
| 005 | 20140310182716.0 | ||
| 008 | 750616s1975 nyuaf 000 0 eng | ||
| 010 | _a 75010546 | ||
| 020 |
_a0847311058 _c$4.95 |
||
| 040 |
_aDLC _cDLC _dDLC |
||
| 050 | 0 | 0 |
_aGV 951 _b.G618 1975 |
| 082 | 0 | 0 |
_aM 796.33 _bF73 1975 |
| 100 | 1 |
_aGoldberg, Al, _d1942- |
|
| 245 | 1 | 4 |
_aThe football quiz book / _cGoldberg, Al |
| 260 |
_aNew York : _bDrake Publishers Inc., _cc1975. |
||
| 300 |
_a131 p. _bill. ; _c25 cm. |
||
| 521 | _aCollege Students | ||
| 526 | _c1210L-1700L | ||
| 541 | _j1 | ||
| 562 | _e1 | ||
| 650 | 0 |
_aFootball _xMiscellanea. |
|
| 906 |
_a7 _bcbc _corignew _d1 _eocip _f19 _gy-gencatlg |
||
| 942 |
_2lcc _cBK _kM |
||
| 999 |
_c15287 _d15287 |
||